000 00583nam a2200193 i 4500
001 109276
003 ES-MaACL
005 20250818131145.0
007 t|
008 061121s1968 sp af r ||||1| spa d
245 0 3 _aLa muerte del Imperio Azteca.
260 _a[Madrid] :
_bCírculo de Amigos de la Historia,
_c[1968]
300 _a247 p., 12 lám. :
_bil. ;
_c18 cm.
650 4 _aAztecas-
_xHistoria.
_910471
651 4 _aMéxico-
_xHistoria-
_y1517-1521, Descubrimiento y conquista.
_9136484
700 2 _a
_9241890
852 _aES-MaACL
_jC-36487
999 _c109276
_d109276